Phong tục đi hỏi vợ đám cưới cổ truyền Mường

Trình bày khái quát về người Mường ở Hoà Bình và người Mường ở huyện Lạc Sơn; thực trạng hôn nhân người Mường trước tháng 8 - 1945 và ngày nay; vai trò của người làm chí mờ (người làm trung gian đi hỏi vợ) trong hôn nhân của người M...

Celý popis

Uloženo v:
Podrobná bibliografie
Hlavní autor: Bùi, Huy Vọng
Médium: Kniha
Jazyk:Undetermined
Vydáno: Hà Nội Văn hóa Thông tin 2014
Témata:
Tagy: Přidat tag
Žádné tagy, Buďte první, kdo otaguje tento záznam!
Thư viện lưu trữ: Trung tâm Học liệu Trường Đại học Cần Thơ
LEADER 01111nam a2200205Ia 4500
001 CTU_190968
008 210402s9999 xx 000 0 und d
082 |a 392.509597 
082 |b V431 
100 |a Bùi, Huy Vọng 
245 0 |a Phong tục đi hỏi vợ đám cưới cổ truyền Mường 
245 0 |c Bùi Huy Vọng 
260 |a Hà Nội 
260 |b Văn hóa Thông tin 
260 |c 2014 
520 |a Trình bày khái quát về người Mường ở Hoà Bình và người Mường ở huyện Lạc Sơn; thực trạng hôn nhân người Mường trước tháng 8 - 1945 và ngày nay; vai trò của người làm chí mờ (người làm trung gian đi hỏi vợ) trong hôn nhân của người Mường; các bước đi hỏi vợ đám cưới của người Mường... 
650 |a Marriage customs and rites,Phong tục hôn nhân và nghi thức 
650 |z Vietnam,Việt Nam 
910 |a Hải 
980 |a Trung tâm Học liệu Trường Đại học Cần Thơ